Statistiques concernant Ligne 7 du métro de Paris

Cliquez ici pour prendre le quiz!

Statistiques générales

  • Ce quiz a été pris 820 fois
  • Le résultat moyen est 26 sur 38

Statistiques - réponses

#Réponse% Correct
20Châtelet
85%
1La Courneuve - 8 mai 1945
85%
11Gare de l'Est
80%
38Mairie d'Ivry
80%
16Opéra
79%
27Place d'Italie
79%
23Jussieu
78%
8Stalingrad
78%
19Pont-Neuf
74%
28Tolbiac
74%
26Les Gobelins
73%
36Porte d'Ivry
73%
33Villejuif - Louis Aragon
73%
24Place Monge
72%
17Pyramides
72%
29Maison Blanche
71%
34Porte d'Italie
71%
12Poissonnière
70%
21Pont-Marie
70%
4Porte de la Villette
69%
35Porte de Choisy
68%
18Palais-Royal - Musée du Louvre
67%
6Crimée
65%
30Le Kremlin-Bicêtre
65%
13Cadet
62%
22Sully - Morland
62%
25Censier - Daubenton
61%
15Chaussée d'Antin - La Fayette
61%
37Pierre et Marie Curie
61%
31Villejuif - Léo Lagrange
61%
2Fort d'Aubervilliers
60%
9Louis-Blanc
58%
5Corentin Cariou
57%
7Riquet
57%
14Le Peletier
55%
32Villejuif - Paul Vaillant-Couturier
53%
10Château-Landon
52%
3Aubervilliers - Pantin - Quatre chemins
45%

Distribution des résultats

Percentile par nombre de réponses

% des personnes avec chaque résultat

Votre développement - résultats

Vous n’avez pas pris ce quiz